Word Ladder: Blue Phrases Quiz Stats

 Plays Quiz Updated Jul 24, 2017

Support Sporcle.
Go Orange.
Score 0/30 Timer 04:00
2 Plays Today
Clue 4-Letter Word % Correct
Incredibly rare
Once in a Blue _____
▪ MOON ▪
95.6%
Very dark shade, associated with military
_____ Blue
▪ NAVY ▪
93.9%
Informal conversation, such as in an online roomCHAT
92.6%
Shape of Italy, colloquiallyBOOT
92.5%
Metallic currencyCOIN
92.3%
Seafaring vesselBOAT
91.6%
North American masked animal, for shortCOON
90.3%
Upper-body outer garment (or a layer of paint)COAT
90.3%
Femur or ulnaBONE
89.6%
A man or fellow, in BritainCHAP
89.6%
Mental or emotional stateMOOD
89.4%
Common furniture materialWOOD
89%
And Then There Were _____, Christie novelNONE
87.5%
Undulating; related to tidesWAVY
86.4%
Prominent feature on Jay LenoCHIN
86.1%
Clue 4-Letter Word % Correct
Small unit of language (this clue has eight)WORD
85.8%
Corporate stock with reputation for quality
Blue _____
▪ CHIP ▪
85.5%
Brownish-yellow liver secretionBILE
84.9%
Cautious of danger; guardingWARY
82.6%
Tributary of a major African river
Blue _____
▪ NILE ▪
82.6%
Robin vis-à-vis BatmanWARD
79.9%
Pale shade, associated with newborns
_____ Blue
▪ BABY ▪
76.4%
Informal name for the evening hoursNITE
76.2%
Jazz term for sound played at different pitch
Blue _____
▪ NOTE ▪
75.5%
Compilation of statistics or records
Blue _____
▪ BOOK ▪
72.4%
A minor collision or bump on the headBONK
71%
'___ O'Riley' (The Who)BABA
57.3%
Tree trunkBOLE
56.6%
Tapioca balls in bubble teaBOBA
42.8%
Ball-rope missileBOLA
39.1%

Today's Daily Dose

Missing Word
'Y-Z' Pairs

Quick Pick
MCU Directors

You're not logged in!

Compare scores with friends on all Sporcle quizzes.
OR
Log In
Forgot?

From the Vault

Big and Little Things

by PhilSandifer

Do you want to take a big quiz, or a little one? Have it both ways by naming these things with "big" or "little" in their names.
Remove Ads.
Support Sporcle.
Get the best of Sporcle when you Go Orange. This ad-free experience offers more features, more stats, and more fun while also helping to support Sporcle. Thank you for becoming a member.

Show Comments

Extras

Top Quizzes Today


Score Distribution

Your Account Isn't Verified!

In order to create a playlist on Sporcle, you need to verify the email address you used during registration. Go to your Sporcle Settings to finish the process.

Report this User

Report this user for behavior that violates our Community Guidelines.

Details: